Estatutos : Confederación Universitaria Centroamericana
| Formáid: | LEABHAR |
|---|---|
| Teanga: | Spáinnis |
| Foilsithe / Cruthaithe: |
San José, Costa Rica :
CSUCA,
1997
|
| Ábhair: |
MARC
| LEADER | 00000nam a2200000Ia 4500 | ||
|---|---|---|---|
| 008 | 170526b1997 CR ||||| |||| 00| | spa d | ||
| 999 | |c 1266 |d 1266 | ||
| 090 | |a 04.01.01 |b 739 | ||
| 245 | 1 | 0 | |a Estatutos : Confederación Universitaria Centroamericana |
| 260 | |a San José, Costa Rica : |b CSUCA, |c 1997 | ||
| 300 | |a 35 páginas | ||
| 500 | |a Datos tomados de la cubierta | ||
| 610 | 2 | 4 | |a CONSEJO SUPERIOR CENTROAMERICANO |9 2866 |
| 650 | 1 | 4 | |9 8 |a EDUCACIÓN SUPERIOR |
| 650 | 1 | 4 | |a LEGISLACIÓN |9 45 |
| 942 | |i 001249 |h 04.01.01 739 |2 z |c 01 | ||
